• 首页
  • 本馆介绍
  • 公告通知
  • 最新文献
  • 馆藏检索
  • 电子资源
  • 读者导购
  • 参考咨询
  • 我的图书馆
  • 登录
  • 详细信息显示
  • 放入我的书架
  • 预约/预借图书
  • 作者相关作品
  • 分类相关作品
  • 丛书相关作品
  • 出版社相关作品

书目信息

  • 表格格式
  • 工作单格式
  • 卡片格式
题名:
下一个大泡泡
    
 
作者: S.登特 著
分册:  
出版信息: 北京   中国社会科学出版社  2005
页数: 362页
开本: 23cm
丛书名:
单 册:
中图分类: F831.5
科图分类:
主题词: 股票--证券市场--研究--世界 , 金融 , 银行
电子资源:
ISBN: 7-5004-5230-6
000 01364nam0 2200325 450
000 01327nam0 2200313 450
000 01256nam0 2200289 450
000 01202nam0 2200265 450
000 01198nam0 2200253 450
000 01161nam0 2200241 45
001 TS2006042414
005 20061226084751.48
010    @a7-5004-5230-6@dCNY28.00
100    @a20060829d2005 ekmy0chiy0120 ea
101 0  @achi
102    @aCN@b110000
105    @aa z 000yy
200 1  @a下一个大泡泡@AXia Yi Ge Da Pao Pao@e如何在历史上最大的牛市中获利@ERu He Zai Li Shi Shang Zui Da De Niu Shi Zhong Huo Li@e2005-2009@f[美]哈里·S.登特著@F[ Mei ] Ha Li· S. Deng Te Zhu
210    @a北京@c中国社会科学出版社@d2005
215    @a362页@c图@d23cm
330    @a本书作者哈里·S. 登特是哈佛大学MBA、美国100强企业的咨询顾问,美国著名的股市分析师,他以率先将人口趋势引入经济分析而闻名。1992年,他首先提出90年代会出现一次大牛市;2000年,在大跌来临前,他提前建议投资者卖出;2002年,股市跌到底部时,他又发出了买入信号。他的预测记录令人难以置信。
606 0  @a股票@x证券市场@x研究@y世界
606 0  @a金融
606 0  @a银行
690    @aF831.5@v4
701  1 @aS.登特@AS. Deng Te@b哈里@4著
801  0 @aCN@b中图数据@c20061226
905    @a10447@dF831.5@e3
    
    下一个大泡泡:如何在历史上最大的牛市中获利:2005-2009/[美]哈里·S.登特著.-北京:中国社会科学出版社,2005
    362页:图;23cm
    
    
    ISBN 7-5004-5230-6:CNY28.00
    本书作者哈里·S. 登特是哈佛大学MBA、美国100强企业的咨询顾问,美国著名的股市分析师,他以率先将人口趋势引入经济分析而闻名。1992年,他首先提出90年代会出现一次大牛市;2000年,在大跌来临前,他提前建议投资者卖出;2002年,股市跌到底部时,他又发出了买入信号。他的预测记录令人难以置信。
●
相关链接 在E读中查询图书 在五车中查询图书 在当当中查询图书 在豆瓣中查询图书


正题名:下一个大泡泡     索取号:F831.5/3         预约/预借

序号 登录号 条形码 馆藏地/架位号 状态 备注
1 0611112   206111125   第一样本阅览室/ [索取号:F831.5/3] 在馆    
2 0611113   206111134   第一借阅区/ [索取号:F831.5/3] 在馆    
3 0611114   206111143   第一借阅区/ [索取号:F831.5/3] 在馆    
唐山师范学院图书馆 欢迎您!
大连网信软件有限公司© 版权所有